[Event "Helsingor Xtracon op"]
[Site "Helsingor"]
[Date "2019.07.24"]
[Round "6"]
[White "Skjoldager, Mikael"]
[Black "Andre, Gordon"]
[Result "0-1"]
[WhiteElo "2076"]
[BlackElo "2381"]
[PlyCount "68"]
[EventDate "2019.07.20"]
[EventType "swiss"]
[EventRounds "10"]
[EventCountry "DEN"]
[SourceTitle "CBM 191 Extra"]
[Source "ChessBase"]
[SourceDate "2019.09.30"]
[SourceVersion "1"]
[SourceVersionDate "2019.09.30"]
[SourceQuality "1"]

1. e4 e6 2. d4 d5 3. Nc3 Nf6 4. e5 Nfd7 5. f4 c5 6. Nf3 Nc6 7. Be3 b6 8. Qd2 Be7 9. Nd1 0-0 10. c3 a5 11. Bd3 a4 12. 0-0 Ba6 13. Nf2 Na5 14. Ng5 g6 15. Bxa6 Rxa6 16. Ng4 Kg7 17. Rf3 Nc4 18. Qe2 h5 19. Nf2 b5 20. Rf1 Nxe3 21. Qxe3 b4 22. Nfh3 a3 23. f5 exf5 24. e6 f6 25. Nf7 Rxf7 26. exf7 axb2 27. Nf4 Kxf7 28. Nxd5 Ne5 29. dxe5 Qxd5 30. exf6 Bxf6 31. Qh6 bxc3 32. Qh7+ Bg7 33. Rxf5+ Qxf5 34. Rxf5+ Rf6 0-1

[Event "Helsingor Xtracon op"]
[Site "Helsingor"]
[Date "2019.07.22"]
[Round "4"]
[White "Loveid, Erik"]
[Black "Skjoldager, Mikael"]
[Result "1/2-1/2"]
[WhiteElo "1799"]
[BlackElo "2076"]
[PlyCount "124"]
[EventDate "2019.07.20"]
[EventType "swiss"]
[EventRounds "10"]
[EventCountry "DEN"]
[SourceTitle "CBM 191 Extra"]
[Source "ChessBase"]
[SourceDate "2019.09.30"]
[SourceVersion "1"]
[SourceVersionDate "2019.09.30"]
[SourceQuality "1"]

1. e4 c5 2. Nf3 d6 3. c3 Nf6 4. Be2 Nc6 5. d3 g6 6. h3 Bg7 7. Be3 0-0 8. 0-0 b6 9. Nbd2 Bb7 10. Re1 Rc8 11. Nf1 Qc7 12. Bf4 Qd7 13. Ng3 e5 14. Be3 d5 15. Qb1 Rc7 16. Rd1 d4 17. Bd2 a5 18. c4 Ne8 19. Qc1 Nd6 20. Nh2 f5 21. Bf3 f4 22. Ngf1 Qf7 23. a3 h5 24. g4 fxg3 25. fxg3 Bc8 26. Bg2 Qe8 27. Nf3 Rcf7 28. N1h2 Bd7 29. Rf1 Qc8 30. Ng5 Rxf1+ 31. Bxf1 Nf7 32. h4 Nxg5 33. Bxg5 Bh3 34. Qd2 Be6 35. Bg2 Rf7 36. Rf1 Qd7 37. Rxf7 Bxf7 38. Nf3 Nd8 39. Bxd8 Qxd8 40. Qg5 Qf6 41. Qxf6 Bxf6 42. a4 Kg7 43. b3 Kf8 44. Bh3 Ke7 45. Kf2 Bg7 46. Bc8 Kf6 47. Ng5 Bg8 48. Bb7 Bh6 49. Nf3 Be3+ 50. Kg2 Be6 51. Nh2 g5 52. Bc6 gxh4 53. gxh4 Bf4 54. Nf3 Bg4 55. Bb7 Bh6 56. Bc6 Bg7 57. Bb7 Ke7 58. Bd5 Bf6 59. Bb7 Kf8 60. Bc6 Kg7 61. Bb7 Kh6 62. Bc6 Bxf3+ 1/2-1/2

[Event "Helsingor Xtracon op"]
[Site "Helsingor"]
[Date "2019.07.20"]
[Round "1"]
[White "Skjoldager, Mikael"]
[Black "Borrmann, Laurenz"]
[Result "1/2-1/2"]
[WhiteElo "2076"]
[BlackElo "1623"]
[PlyCount "92"]
[EventDate "2019.07.20"]
[EventType "swiss"]
[EventRounds "10"]
[EventCountry "DEN"]
[SourceTitle "CBM 191 Extra"]
[Source "ChessBase"]
[SourceDate "2019.09.30"]
[SourceVersion "1"]
[SourceVersionDate "2019.09.30"]
[SourceQuality "1"]

1. e4 e5 2. Nf3 Nc6 3. Bb5 a6 4. Ba4 Nf6 5. 0-0 Be7 6. Re1 b5 7. Bb3 0-0 8. d3 d6 9. c3 Bb7 10. Nbd2 Nd7 11. Nf1 Na5 12. Bc2 f5 13. exf5 Rxf5 14. d4 Bxf3 15. gxf3 Rf8 16. Qd3 g6 17. a4 c6 18. Bh6 Rf7 19. b4 Nc4 20. Bb3 d5 21. Re2 Bg5 22. Bxg5 Qxg5+ 23. Ng3 Raf8 24. Bxc4 bxc4 25. Qe3 Qxe3 26. fxe3 Rxf3 27. Rf1 exd4 28. Rxf3 Rxf3 29. cxd4 Rf8 30. e4 Rb8 31. exd5 cxd5 32. Re7 Nf6 33. Re6 Kf7 34. Rxa6 Rxb4 35. Ne2 g5 36. a5 Rb3 37. Ra7+ Ke6 38. a6 Ra3 39. Ra8 Kd7 40. a7 Ne8 41. Nc3 Nc7 42. Rh8 Rxa7 43. Rxh7+ Ke6 44. Rh6+ Kf5 45. Rd6 Ra3 46. Nxd5 Nxd5 1/2-1/2

[Event "Helsingor Xtracon op"]
[Site "Helsingor"]
[Date "2018.07.26"]
[Round "7"]
[White "Skjoldager, Mikael"]
[Black "Sorensen, Hampus"]
[Result "0-1"]
[WhiteElo "2057"]
[BlackElo "2204"]
[PlyCount "84"]
[EventDate "2018.07.21"]
[EventType "swiss"]
[EventRounds "10"]
[EventCountry "DEN"]
[SourceTitle "CBM 185 Extra"]
[Source "ChessBase"]
[SourceDate "2018.07.29"]
[SourceVersion "1"]
[SourceVersionDate "2018.07.29"]
[SourceQuality "1"]

1. e4 e5 2. Nf3 Nc6 3. Bb5 a6 4. Ba4 Nf6 5. 0-0 b5 6. Bb3 Bc5 7. c3 d6 8. d4 Bb6 9. Bg5 Bb7 10. Re1 h6 11. Bh4 0-0 12. Bd5 Re8 13. Nbd2 exd4 14. cxd4 g5 15. Nxg5 Nxd5 16. Qh5 hxg5 17. Bxg5 Nf6 18. Qh4 Bxd4 19. e5 Rxe5 20. Rxe5 Bxe5 21. Re1 Ne7 22. Rxe5 Ng6 23. Bxf6 Nxh4 24. Rg5+ Ng6 25. Bxd8 Rxd8 26. h4 Kh7 27. h5 Ne7 28. Rg3 Rg8 29. Re3 Nf5 30. Rc3 c5 31. f3 Ng3 32. Re3 Nf5 33. Re2 Kg7 34. g4 Nd4 35. Re3 Kf6 36. Kf2 d5 37. Nf1 Ne6 38. Ng3 d4 39. Re1 d3 40. Ke3 Nd4 41. Rc1 d2 42. Kxd2 Nxf3+ 0-1

[Event "Helsingor Xtracon op"]
[Site "Helsingor"]
[Date "2018.07.24"]
[Round "5"]
[White "Skjoldager, Mikael"]
[Black "Matthiesen, Martin"]
[Result "0-1"]
[WhiteElo "2057"]
[BlackElo "2273"]
[PlyCount "97"]
[EventDate "2018.07.21"]
[EventType "swiss"]
[EventRounds "10"]
[EventCountry "DEN"]
[SourceTitle "CBM 185 Extra"]
[Source "ChessBase"]
[SourceDate "2018.07.29"]
[SourceVersion "1"]
[SourceVersionDate "2018.07.29"]
[SourceQuality "1"]

1. e4 e5 2. Nf3 Nc6 3. Bb5 a6 4. Ba4 Nf6 5. 0-0 Be7 6. Re1 b5 7. Bb3 d6 8. c3 0-0 9. h3 Nb8 10. d4 Nbd7 11. Nbd2 Bb7 12. Bc2 Re8 13. a4 Bf8 14. axb5 axb5 15. Rxa8 Qxa8 16. Qe2 b4 17. d5 bxc3 18. bxc3 Nc5 19. Nb3 Nfd7 20. Nxc5 Nxc5 21. Nh4 Qa2 22. Nf5 Ba6 23. Qd1 Bc8 24. Be3 Qb2 25. Qd2 Bd7 26. Bxc5 dxc5 27. Rb1 Qa3 28. Rb7 Bxf5 29. exf5 e4 30. f6 g6 31. d6 Bxd6 32. g3 c4 33. Bxe4 Qc5 34. Kg2 Qe5 35. Bc6 Rd8 36. Qd5 Qxf6 37. Qxc4 h5 38. h4 Kg7 39. Rb5 Be5 40. Rb3 Rd2 41. Bf3 Qd6 42. Be2 Ra2 43. Qd3 Bxg3 44. Qxd6 Bxd6 45. Kf3 Be7 46. Rb7 Bd8 47. Rb8 Bxh4 48. Rc8 Ra7 49. Ke4 0-1

[Event "Helsingor Xtracon op"]
[Site "Helsingor"]
[Date "2018.07.22"]
[Round "3"]
[White "Skjoldager, Mikael"]
[Black "Kallenbach, Olav"]
[Result "1-0"]
[WhiteElo "2057"]
[BlackElo "1838"]
[PlyCount "97"]
[EventDate "2018.07.21"]
[EventType "swiss"]
[EventRounds "10"]
[EventCountry "DEN"]
[SourceTitle "CBM 185 Extra"]
[Source "ChessBase"]
[SourceDate "2018.07.29"]
[SourceVersion "1"]
[SourceVersionDate "2018.07.29"]
[SourceQuality "1"]

1. e4 c5 2. Nf3 Nc6 3. d4 cxd4 4. Nxd4 Nf6 5. Nc3 g6 6. Be3 Bg7 7. Qd2 0-0 8. f3 d6 9. Bc4 a6 10. Bb3 Qc7 11. h4 Nxd4 12. Bxd4 Be6 13. g4 Bxb3 14. axb3 e5 15. Be3 h5 16. g5 Nh7 17. Nd5 Qd8 18. Bb6 Qd7 19. Ba5 Rae8 20. 0-0-0 f5 21. Nc7 Rc8 22. Qxd6 Qxd6 23. Rxd6 fxe4 24. fxe4 Rf4 25. Rxg6 Nf8 26. Rd6 Rxe4 27. Nd5 Kh8 28. Ne7 Re8 29. Nf5 Re6 30. Rd8 Rf4 31. Ng3 Kh7 32. Nxh5 Rf3 33. Rb8 Re7 34. Bb4 Ref7 35. Nxg7 Kxg7 36. Bxf8+ Rxf8 37. Rxb7+ Kg6 38. Rb6+ Kh5 39. Re6 R8f5 40. Rxa6 e4 41. Rh6+ Kg4 42. Rf6 Rxf6 43. gxf6 Rxf6 44. h5 Rh6 45. Kd2 Kf3 46. Rf1+ Kg2 47. Rf5 Re6 48. Ke3 Rc6 49. c3 1-0

[Event "Helsingor Xtracon op"]
[Site "Helsingor"]
[Date "2018.07.21"]
[Round "1"]
[White "Skjoldager, Mikael"]
[Black "Narheim, Mats"]
[Result "1-0"]
[WhiteElo "2057"]
[BlackElo "1544"]
[PlyCount "53"]
[EventDate "2018.07.21"]
[EventType "swiss"]
[EventRounds "10"]
[EventCountry "DEN"]
[SourceTitle "CBM 185 Extra"]
[Source "ChessBase"]
[SourceDate "2018.07.29"]
[SourceVersion "1"]
[SourceVersionDate "2018.07.29"]
[SourceQuality "1"]

1. e4 c5 2. Nf3 g6 3. d4 cxd4 4. Nxd4 Bg7 5. c4 Nc6 6. Nc2 d6 7. Be2 Nf6 8. Nc3 0-0 9. 0-0 Bd7 10. Be3 Qc8 11. Qd2 Ne5 12. b3 Nc6 13. f3 b6 14. Rac1 h5 15. Bg5 Nd8 16. Kh1 Ne6 17. Bxf6 Bxf6 18. Nd5 Kg7 19. Nxf6 Kxf6 20. Qc3+ Kg5 21. f4+ Kh6 22. f5 Nc5 23. b4 Nb7 24. Qe3+ Kh7 25. Qg5 Qd8 26. Bxh5 Rg8 27. fxg6+ 1-0

[Event "Helsingor Xtracon op"]
[Site "Helsingor"]
[Date "2017.07.30"]
[Round "10"]
[White "Skjoldager, Mikael"]
[Black "Rasmussen, Henrik"]
[Result "1-0"]
[WhiteElo "2050"]
[BlackElo "1822"]
[PlyCount "45"]
[EventDate "2017.07.22"]
[EventType "swiss"]
[EventRounds "10"]
[EventCountry "DEN"]
[SourceTitle "CBM 179 Extra"]
[Source "ChessBase"]
[SourceDate "2017.08.23"]
[SourceVersion "1"]
[SourceVersionDate "2017.08.23"]
[SourceQuality "1"]

1. e4 c5 2. Nf3 g6 3. d4 cxd4 4. Nxd4 Bg7 5. c4 Nc6 6. Nc2 Nf6 7. Nc3 0-0 8. Be3 d6 9. f3 Re8 10. Qd2 Be6 11. Rc1 Ne5 12. b3 Qa5 13. Nd4 Bd7 14. Be2 Rac8 15. 0-0 Nc6 16. Rfd1 a6 17. Kh1 b5 18. Nxc6 Bxc6 19. cxb5 Bxb5 20. Nxb5 Qd8 21. Nd4 Ra8 22. Rc6 a5 23. Rdc1 1-0

[Event "Helsingor Xtracon op"]
[Site "Helsingor"]
[Date "2016.07.28"]
[Round "7"]
[White "Skjoldager, Mikael"]
[Black "Kramer, Julian"]
[Result "0-1"]
[WhiteElo "2054"]
[BlackElo "2341"]
[PlyCount "58"]
[EventDate "2016.07.23"]
[EventType "swiss"]
[EventRounds "10"]
[EventCountry "DEN"]
[SourceTitle "CBM 173 Extra"]
[Source "ChessBase"]
[SourceDate "2016.08.29"]
[SourceVersion "1"]
[SourceVersionDate "2016.08.29"]
[SourceQuality "1"]

1. d4 Nf6 2. c4 g6 3. Nc3 d5 4. cxd5 Nxd5 5. e4 Nxc3 6. bxc3 Bg7 7. Bc4 c5 8. Ne2 0-0 9. 0-0 Nc6 10. Be3 b6 11. Rc1 Bb7 12. f4 e6 13. Kh1 Qe7 14. Qe1 Rac8 15. Qf2 cxd4 16. cxd4 Na5 17. Bd3 Qa3 18. Rxc8 Rxc8 19. Bb1 Nc4 20. Bc1 Qb4 21. Bd3 Nb2 22. Bxb2 Qxb2 23. f5 exf5 24. exf5 Qxa2 25. fxg6 hxg6 26. Bb1 Qd5 27. Nf4 Qxd4 28. Qa2 Qxf4 29. Bd3 Rc1 0-1

[Event "Politiken Cup 37th"]
[Site "Helsingor"]
[Date "2015.07.27"]
[Round "4"]
[White "Zakariassen, Tom A"]
[Black "Skjoldager, Mikael"]
[Result "0-1"]
[WhiteElo "1798"]
[BlackElo "2056"]
[PlyCount "92"]
[EventDate "2015.07.25"]
[EventType "swiss"]
[EventRounds "10"]
[EventCountry "DEN"]
[SourceTitle "CBM 167 Extra"]
[Source "ChessBase"]
[SourceDate "2015.09.14"]
[SourceVersion "1"]
[SourceVersionDate "2015.09.14"]
[SourceQuality "1"]

1. e4 e5 2. Nc3 Nc6 3. Nf3 Nf6 4. d4 exd4 5. Nxd4 Bb4 6. Nxc6 bxc6 7. Bd3 d5 8. Bd2 Bxc3 9. Bxc3 dxe4 10. Bxf6 Qxf6 11. Bxe4 0-0 12. 0-0 Ba6 13. Re1 Qxb2 14. Bxc6 Rad8 15. Qc1 Qf6 16. Bf3 Rd4 17. Qe3 g6 18. Qe5 Kg7 19. Qxf6+ Kxf6 20. Re4 Rxe4 21. Bxe4 Rd8 22. Rb1 Rd4 23. Bf3 Rd2 24. Rc1 Ke5 25. g3 g5 26. Re1+ Kd6 27. Be4 h6 28. g4 Be2 29. h3 Kc5 30. Rb1 Rd4 31. Bf5 Rd1+ 32. Rxd1 Bxd1 33. Kg2 Kd4 34. Kg3 c5 35. h4 Kc3 36. hxg5 hxg5 37. f4 f6 38. fxg5 fxg5 39. Kf2 Bxc2 40. Ke3 c4 41. Be6 Bb1 42. a4 a5 43. Bf5 Bd3 44. Be6 Kb2 45. Kd4 c3 46. Kxd3 c2 0-1

[Event "Politiken Cup 36th"]
[Site "Helsingor"]
[Date "2014.07.29"]
[Round "10"]
[White "Skjoldager, Mikael"]
[Black "Moller, Arne Vagn"]
[Result "1-0"]
[WhiteElo "2078"]
[BlackElo "1886"]
[PlyCount "51"]
[EventDate "2014.07.21"]
[EventType "swiss"]
[EventRounds "10"]
[EventCountry "DEN"]
[SourceTitle "CBM 161 Extra"]
[Source "ChessBase"]
[SourceDate "2014.08.29"]
[SourceVersion "1"]
[SourceVersionDate "2014.08.29"]
[SourceQuality "1"]

1. e4 c5 2. Nf3 d6 3. d4 cxd4 4. Nxd4 Nf6 5. Nc3 a6 6. Be3 e6 7. f3 Be7 8. Qd2 Qc7 9. g4 Nc6 10. 0-0-0 0-0 11. h4 b5 12. Kb1 Bb7 13. h5 b4 14. Nce2 Nxd4 15. Nxd4 d5 16. e5 Nd7 17. f4 Rfc8 18. g5 Nf8 19. Bd3 Bc5 20. Rdg1 a5 21. g6 Ba6 22. gxh7+ Kh8 23. Qg2 g6 24. hxg6 fxg6 25. Bxg6 Bxd4 26. Bf7 1-0

[Event "Politiken Cup 36th"]
[Site "Helsingor"]
[Date "2014.07.25"]
[Round "6"]
[White "Skjoldager, Mikael"]
[Black "Skjoldager, Flemming"]
[Result "1-0"]
[WhiteElo "2078"]
[BlackElo "1882"]
[PlyCount "39"]
[EventDate "2014.07.21"]
[EventType "swiss"]
[EventRounds "10"]
[EventCountry "DEN"]
[SourceTitle "CBM 161 Extra"]
[Source "ChessBase"]
[SourceDate "2014.08.29"]
[SourceVersion "1"]
[SourceVersionDate "2014.08.29"]
[SourceQuality "1"]

1. e4 c6 2. d4 d5 3. Nc3 dxe4 4. Nxe4 Nd7 5. Ng5 Ngf6 6. Bd3 g6 7. Qe2 Bg7 8. N1f3 0-0 9. Bd2 c5 10. c3 h6 11. Nxf7 Kxf7 12. Bc4+ Ke8 13. Qd3 e6 14. Qxg6+ Rf7 15. Bxe6 Qe7 16. 0-0 Qxe6 17. Rfe1 Nf8 18. Qd3 Kd8 19. Rxe6 Nxe6 20. Ne5 1-0

[Event "Politiken Cup 36th"]
[Site "Helsingor"]
[Date "2014.07.24"]
[Round "5"]
[White "Muschik, Benedikt"]
[Black "Skjoldager, Mikael"]
[Result "1-0"]
[WhiteElo "2353"]
[BlackElo "2078"]
[PlyCount "87"]
[EventDate "2014.07.21"]
[EventType "swiss"]
[EventRounds "10"]
[EventCountry "DEN"]
[SourceTitle "CBM 161 Extra"]
[Source "ChessBase"]
[SourceDate "2014.08.29"]
[SourceVersion "1"]
[SourceVersionDate "2014.08.29"]
[SourceQuality "1"]

1. d4 Nf6 2. Bf4 e6 3. e3 c5 4. c3 d5 5. Nf3 Nc6 6. Nbd2 Bd6 7. Bg3 0-0 8. Bd3 b6 9. Ne5 Bb7 10. f4 Ne7 11. Qf3 Nf5 12. Bf2 Be7 13. a4 Qc7 14. a5 bxa5 15. 0-0 Nd6 16. Bh4 Nfe4 17. Bxe7 Qxe7 18. Qh3 f5 19. Bxe4 Nxe4 20. Nxe4 dxe4 21. Rxa5 cxd4 22. exd4 Rf6 23. Qh4 Qd6 24. Re1 a6 25. Re3 Rc8 26. Rg3 Qd8 27. Ra1 Rf8 28. Qxd8 Rfxd8 29. Kf2 Rd6 30. Ke1 Rc7 31. Kd2 Rb6 32. b4 Bd5 33. Ra5 Kf8 34. Rc5 Rxc5 35. Nd7+ Kf7 36. dxc5 Rb5 37. Ne5+ Kg8 38. c4 Rxb4 39. cxd5 exd5 40. c6 Rb8 41. Kc3 Rb1 42. Kd4 Rd1+ 43. Kc5 d4 44. c7 1-0

[Event "Politiken Cup 36th"]
[Site "Helsingor"]
[Date "2014.07.22"]
[Round "3"]
[White "Andersen, Dag"]
[Black "Skjoldager, Mikael"]
[Result "1/2-1/2"]
[WhiteElo "1862"]
[BlackElo "2078"]
[PlyCount "84"]
[EventDate "2014.07.21"]
[EventType "swiss"]
[EventRounds "10"]
[EventCountry "DEN"]
[SourceTitle "CBM 161 Extra"]
[Source "ChessBase"]
[SourceDate "2014.08.29"]
[SourceVersion "1"]
[SourceVersionDate "2014.08.29"]
[SourceQuality "1"]

1. e4 e5 2. Nf3 Nc6 3. Bb5 Nf6 4. d3 Bc5 5. c3 d6 6. 0-0 Bd7 7. h3 a6 8. Ba4 Ne7 9. Bc2 Ba7 10. Re1 Ng6 11. d4 Qe7 12. a4 0-0 13. Na3 h6 14. Be3 Rfd8 15. Nc4 Nh7 16. Qc1 Qf6 17. dxe5 dxe5 18. Bxa7 Rxa7 19. Qe3 Raa8 20. Rad1 Ng5 21. Nxg5 hxg5 22. Qc5 Rac8 23. Ne3 b6 24. Qc4 Nf4 25. Nf5 g6 26. Nh6+ Kg7 27. Ng4 Bxg4 28. hxg4 a5 29. Rxd8 Rxd8 30. Rd1 Ne6 31. Rxd8 Qxd8 32. Qe2 Qd7 33. Qd1 Qe7 34. g3 Nc5 35. Qd5 Nd7 36. f3 Nf6 37. Qc4 Ne8 38. Bb3 Nf6 39. Kf2 Qd7 40. Ke3 Qe7 41. Qc6 Ne8 42. Qd5 Nf6 1/2-1/2

[Event "Politiken Cup 35th"]
[Site "Helsingor"]
[Date "2013.08.03"]
[Round "9"]
[White "Skjoldager, Mikael"]
[Black "Vistisen, Lars"]
[Result "0-1"]
[WhiteElo "2088"]
[BlackElo "2177"]
[PlyCount "98"]
[EventDate "2013.07.27"]
[EventType "swiss"]
[EventRounds "10"]
[EventCountry "DEN"]
[SourceTitle "CBM 155 Extra"]
[Source "ChessBase"]
[SourceDate "2013.08.26"]
[SourceVersion "1"]
[SourceVersionDate "2013.08.26"]
[SourceQuality "1"]

1. d4 Nf6 2. c4 c5 3. d5 e6 4. Nc3 exd5 5. cxd5 g6 6. g3 d6 7. Bg2 Bg7 8. Nf3 0-0 9. 0-0 a6 10. a4 Re8 11. Nd2 Nbd7 12. h3 Rb8 13. Nc4 Nb6 14. Na3 Bf5 15. a5 Nc8 16. Nc4 b5 17. axb6 Nxb6 18. Nd2 Qc8 19. Kh2 Bd7 20. Ra5 Re5 21. e4 Rh5 22. h4 Ng4+ 23. Kg1 Ne5 24. Qe2 c4 25. f4 Nd3 26. Nf3 Nxc1 27. Rxc1 Bg4 28. Qe3 Nd7 29. Nh2 Nc5 30. Rxc5 dxc5 31. e5 Rxb2 32. Nxg4 Qxg4 33. Qf3 Qc8 34. Ne4 Rb3 35. Qe2 c3 36. Qc4 Rb5 37. Qxc3 Qb8 38. d6 Kf8 39. Nxc5 Qxd6 40. exd6 Bxc3 41. Ne4 Bd4+ 42. Kf1 Rhd5 43. Rc8+ Kg7 44. Nc3 Rbc5 45. Rc7 Rxd6 46. Rxc5 Bxc5 47. Ne4 Rd1+ 48. Ke2 Rc1 49. Kd2 Rg1 0-1

[Event "Politiken Cup 35th"]
[Site "Helsingor"]
[Date "2013.08.01"]
[Round "7"]
[White "Skjoldager, Mikael"]
[Black "Nilsen, Joachim Birger"]
[Result "0-1"]
[WhiteElo "2088"]
[BlackElo "2259"]
[PlyCount "96"]
[EventDate "2013.07.27"]
[EventType "swiss"]
[EventRounds "10"]
[EventCountry "DEN"]
[SourceTitle "CBM 155 Extra"]
[Source "ChessBase"]
[SourceDate "2013.08.26"]
[SourceVersion "1"]
[SourceVersionDate "2013.08.26"]
[SourceQuality "1"]

1. d4 Nf6 2. c4 e6 3. g3 Bb4+ 4. Bd2 Qe7 5. Nf3 Nc6 6. Nc3 Bxc3 7. Bxc3 Ne4 8. Rc1 0-0 9. Bg2 d6 10. d5 Nxc3 11. Rxc3 Nb8 12. dxe6 fxe6 13. Nd4 Kh8 14. 0-0 Nd7 15. Qd2 a5 16. Nb5 Nb6 17. b3 Qd8 18. Rd1 Nd7 19. a3 Ne5 20. f4 Nf7 21. c5 d5 22. e4 c6 23. Nd4 e5 24. fxe5 dxe4 25. e6 Ng5 26. Qc2 Qf6 27. Re3 Bxe6 28. Nxe6 Qxe6 29. Rd6 Qe5 30. Rd7 Rad8 31. Qf2 Qa1+ 32. Re1 Qxe1+ 33. Qxe1 Rxd7 34. h4 Nf3+ 35. Bxf3 exf3 36. Kf2 h6 37. Qe3 Rdd8 38. g4 Rde8 39. Qd3 Re2+ 40. Kf1 Ree8 41. Kf2 Rd8 42. Qc3 Rd5 43. g5 hxg5 44. h5 g4 45. h6 Rg5 46. hxg7+ Rxg7 47. Qe5 g3+ 48. Ke3 g2 0-1

[Event "Politiken Cup 35th"]
[Site "Helsingor"]
[Date "2013.07.28"]
[Round "2"]
[White "Svane, Rasmus"]
[Black "Skjoldager, Mikael"]
[Result "1-0"]
[WhiteElo "2427"]
[BlackElo "2088"]
[PlyCount "43"]
[EventDate "2013.07.27"]
[EventType "swiss"]
[EventRounds "10"]
[EventCountry "DEN"]
[SourceTitle "CBM 155 Extra"]
[Source "ChessBase"]
[SourceDate "2013.08.26"]
[SourceVersion "1"]
[SourceVersionDate "2013.08.26"]
[SourceQuality "1"]

1. Nf3 Nf6 2. c4 b6 3. g3 Bb7 4. Bg2 e6 5. 0-0 c5 6. Nc3 Be7 7. d4 cxd4 8. Qxd4 d6 9. Bg5 Nc6 10. Qf4 0-0 11. Rfd1 a6 12. Bxf6 gxf6 13. Ne4 Ne5 14. Nxe5 fxe5 15. Qh6 Ra7 16. Rxd6 Bxd6 17. Nf6+ Qxf6 18. Qxf6 Bxg2 19. Kxg2 Rd7 20. h4 Rc8 21. h5 Rxc4 22. Qg5+ 1-0

[Event "Copenhagen Bronshoj-ch"]
[Site "Copenhagen"]
[Date "2013.05.30"]
[Round "8"]
[White "Carstensen, Jacob"]
[Black "Skjoldager, Mikael"]
[Result "1-0"]
[WhiteElo "2385"]
[BlackElo "2096"]
[PlyCount "35"]
[EventDate "2013.02.28"]
[EventType "tourn"]
[EventRounds "9"]
[EventCountry "DEN"]
[SourceTitle "EXT 2016"]
[Source "ChessBase"]
[SourceDate "2015.10.08"]
[SourceVersion "1"]
[SourceVersionDate "2015.10.08"]
[SourceQuality "1"]

1. d4 Nf6 2. c4 g6 3. Nc3 d5 4. Qb3 dxc4 5. Qxc4 a6 6. Bf4 c6 7. e4 Bg7 8. Nf3 0-0 9. Be2 Nbd7 10. 0-0 Nh5 11. Be3 e5 12. dxe5 Nxe5 13. Nxe5 Bxe5 14. Bxh5 Qh4 15. f4 Bxc3 16. Qxc3 Qxh5 17. Qf6 c5 18. f5 1-0

[Event "Copenhagen Bronshoj-ch"]
[Site "Copenhagen"]
[Date "2013.05.23"]
[Round "5"]
[White "De Blecourt, Sandra"]
[Black "Skjoldager, Mikael"]
[Result "1-0"]
[WhiteElo "2066"]
[BlackElo "2096"]
[PlyCount "67"]
[EventDate "2013.02.28"]
[EventType "tourn"]
[EventRounds "9"]
[EventCountry "DEN"]
[SourceTitle "EXT 2016"]
[Source "ChessBase"]
[SourceDate "2015.10.08"]
[SourceVersion "1"]
[SourceVersionDate "2015.10.08"]
[SourceQuality "1"]

1. d4 Nf6 2. c4 e6 3. Nc3 Bb4 4. e3 c5 5. Nge2 0-0 6. a3 Bxc3+ 7. Nxc3 d5 8. dxc5 b6 9. cxd5 exd5 10. cxb6 axb6 11. Bb5 Bb7 12. 0-0 Qe7 13. Qd4 Na6 14. Qxb6 Nc5 15. b4 Ne6 16. Bc6 Rfb8 17. Bxb7 Rxb7 18. Qc6 Rd8 19. Nb5 Rbb8 20. Nd4 Rdc8 21. Nf5 Qa7 22. Qd6 Rc7 23. Bb2 Rd8 24. Qe5 Rc4 25. Rac1 Re4 26. Qc3 d4 27. exd4 Nf4 28. Ng3 Rexd4 29. Qf3 Nd3 30. Bxd4 Qxd4 31. Nf5 Qe5 32. Rcd1 Qb5 33. a4 Qc4 34. Nd6 1-0

[Event "Copenhagen Bronshoj-ch"]
[Site "Copenhagen"]
[Date "2013.05.16"]
[Round "7"]
[White "Brinck Claussen, Bjorn"]
[Black "Skjoldager, Mikael"]
[Result "1/2-1/2"]
[WhiteElo "2254"]
[BlackElo "2096"]
[PlyCount "81"]
[EventDate "2013.02.28"]
[EventType "tourn"]
[EventRounds "9"]
[EventCountry "DEN"]
[SourceTitle "EXT 2016"]
[Source "ChessBase"]
[SourceDate "2015.10.08"]
[SourceVersion "1"]
[SourceVersionDate "2015.10.08"]
[SourceQuality "1"]

1. c4 Nf6 2. Nc3 e5 3. Nf3 Nc6 4. g3 Bb4 5. Bg2 0-0 6. 0-0 Re8 7. Nd5 e4 8. Nxb4 Nxb4 9. Nd4 d5 10. cxd5 Nbxd5 11. Nc2 Bf5 12. b3 Qd7 13. Bb2 Rad8 14. Rc1 Bh3 15. Nd4 Bxg2 16. Kxg2 Re5 17. h3 Rh5 18. Rh1 c5 19. Nc2 Qf5 20. e3 Qd7 21. Qe2 Rf5 22. a3 Ne7 23. b4 h5 24. Rhd1 Ng6 25. bxc5 Rf3 26. Bxf6 Rxf6 27. Qxh5 Rf5 28. Qe2 Rxc5 29. Nd4 Rdc8 30. Rxc5 Rxc5 31. d3 exd3 32. Rxd3 Ne5 33. Rd1 Qa4 34. f4 Nc4 35. Rd3 b5 36. Qf3 Rc8 37. Qb7 Re8 38. Qd7 Rxe3 39. Qc8+ Kh7 40. Qf5+ Kg8 41. Qc8+ 1/2-1/2

[Event "Copenhagen Bronshoj-ch"]
[Site "Copenhagen"]
[Date "2013.03.07"]
[Round "2"]
[White "Skjoldager, Mikael"]
[Black "Kirknel, Thomas"]
[Result "0-1"]
[WhiteElo "2096"]
[BlackElo "2160"]
[PlyCount "124"]
[EventDate "2013.02.28"]
[EventType "tourn"]
[EventRounds "9"]
[EventCountry "DEN"]
[SourceTitle "EXT 2016"]
[Source "ChessBase"]
[SourceDate "2015.10.08"]
[SourceVersion "1"]
[SourceVersionDate "2015.10.08"]
[SourceQuality "1"]

1. d4 Nf6 2. c4 e6 3. g3 d5 4. Nf3 Be7 5. Bg2 0-0 6. 0-0 Re8 7. Nbd2 Nbd7 8. Qc2 c6 9. Rd1 h6 10. b3 b6 11. e4 dxe4 12. Nxe4 Nxe4 13. Qxe4 Bb7 14. Bb2 Qc7 15. Qe1 Rad8 16. b4 Bf6 17. Rac1 c5 18. bxc5 bxc5 19. Bc3 Nb6 20. dxc5 Qxc5 21. Bxf6 gxf6 22. Rxd8 Rxd8 23. Qc3 Kg7 24. Nd2 Bxg2 25. Kxg2 Na4 26. Qc2 Qc6+ 27. Kg1 Nc5 28. Nb3 Nd3 29. Rd1 Nb4 30. Qe2 Rxd1+ 31. Qxd1 Qxc4 32. Qf3 Nxa2 33. Na5 Qd5 34. Qg4+ Qg5 35. Qa4 Nc3 36. Qb4 Qd2 37. Qg4+ Kh7 38. Nc6 Ne2+ 39. Kg2 Qd5+ 40. Qf3 a6 41. Qxd5 exd5 42. Nb4 a5 43. Nxd5 a4 44. Kf3 a3 45. Nb4 Nc1 46. Nc2 a2 47. Na1 Nd3 48. Ke3 Ne5 49. h3 Kg6 50. Ke4 h5 51. Kf4 Nc6 52. Nc2 f5 53. Na1 Kf6 54. Nc2 Nb4 55. Na1 Nd5+ 56. Kf3 Ke5 57. Nc2 Nb4 58. Na1 Kd4 59. Kf4 Kc3 60. Kxf5 Kb2 61. g4 Kxa1 62. gxh5 Kb1 0-1